| 000 | 00596cab a2200205 4500 | ||
|---|---|---|---|
| 001 | ABS42886 | ||
| 008 | 090401t1990 xxu||||| |||| 00| 0 eng d | ||
| 035 | _a(Sirsi) u39409 | ||
| 041 | _aeng | ||
| 100 | _aBrett, M. | ||
| 245 | _aContract to kill or to thrill | ||
| 260 | _c1990 | ||
| 350 | _a0 | ||
| 490 |
_aEstates Gazette _v(9024) 16 June 1990, 10-11(2) |
||
| 520 | _aExamines the proposals for a new property futures market from the Futures and Options Exchange (FOX). | ||
| 650 | _aLIFFE | ||
| 690 | _aPROPERTY-PROPERTY FINANCE AND INVESTMENT | ||
| 942 | _n0 | ||
| 948 | _c04/03/1997 | ||
| 999 |
_c25303 _d25303 |
||